01123cam a2200325 a 450000100090000000300040000900500170001300800410003001000170007102000430008803500200013104000230015104200080017405000200018206000100020208200210021224501330023324600610036624600490042725000120047626000400048830000380052850400510056665000340061765000370065170000200068870000310070870000280073970000300076716916096OSt20150408114135.0110720s2013 moua b 001 0 eng  a 2011030889 a9781416061649 (hardcover : alk. paper) a(DNLM)101565033 aDNLM/DLCcDLCdDLC apcc00aRB40b.T44 201310aQY 9000a616.0756 TIT22300aTietz textbook of clinical chemistry and molecular diagnostics /c[edited by] Carl A. Burtis, Edward R. Ashwood, David E. Bruns.1 aTextbook of clinical chemistry and molecular diagnostics1 aClinical chemistry and molecular diagnostics a5th ed. aSt. Louis, Mo. :bSaunders,cc2013. axviii, 2,238 p. :bill. ;c29 cm. aIncludes bibliographical references and index.12aChemistry, Clinicalxmethods.22aMolecular Diagnostic Techniques.1 aBurtis, Carl A.1 aAshwood, Edward R.,d1953-1 aBruns, David E.,d1941-1 aTietz, Norbert W.,d1926-